| 000 | 00741cab a2200217 4500 | ||
|---|---|---|---|
| 001 | ABS55097 | ||
| 008 | 090401t1996 xxu||||| |||| 00| 0 eng d | ||
| 035 | _a(Sirsi) u14170 | ||
| 041 | _aeng | ||
| 100 | _aBingham, T. | ||
| 245 | _aAssisting the arbitrator | ||
| 260 | _c1996 | ||
| 350 | _a0 | ||
| 490 |
_aBuilding _v261(7940) 10 May 1996, 32-33(2) |
||
| 520 | _aDiscusses the recent case "Colt International v Tarmac Cosntruction Ltd" (1996 CILL 1143) in which one side tried to remove the arbitrator for alleged misconduct. | ||
| 650 | _aARBITRATORS | ||
| 650 | _aMISCONDUCT | ||
| 690 | _aMANAGEMENT-DISPUTE AVOIDANCE, MANAGEMENT AND RESOLUTION-DISPUTE MANAGEMENT AND RESOLUTION-ARBITRATION | ||
| 942 | _n0 | ||
| 948 | _c04/03/1997 | ||
| 999 |
_c9202 _d9202 |
||